[Event "Aalborg"]
[Site "?"]
[Date "1991.??.??"]
[Round "?"]
[White "Hansen, L."]
[Black "Barbero, G."]
[Result "1-0"]
[WhiteElo "2510"]
[BlackElo "2485"]
[PlyCount "113"]
[EventDate "1991.??.??"]
[Source "ChessBase"]
[SourceDate "1991.06.01"]

1. d4 Nf6 2. c4 g6 3. Nc3 Bg7 4. e4 d6 5. f3 O-O 6. Be3 e5 7. Nge2 c6 8. Qd2 Nbd7 9. O-O-O Qa5 10. Kb1 b5 11. cxb5 cxb5 12. Nd5 Qxd2 13. Nxf6+ Nxf6 14. Rxd2 Be6 15. d5 Bd7 16. g4 b4 17. Ng3 a5 18. Be2 Rfc8 19. Rc1 Rxc1+ 20. Kxc1 a4 21. Rc2 Ne8 22. Rc4 Rb8 23. b3 axb3 24. axb3 Bf6 25. Bd2 Bd8 26. Rxb4 Rc8+ 27. Kd1 Nc7 28. Rb6 Ra8 29. Rxd6 Be8 30. Ba5 Bg5 31. Bxc7 Ra1+ 32. Kc2 Rc1+ 33. Kb2 Rxc7 34. Rb6 Kg7 35. Rb8 Bd7 36. Bb5 Bc1+ 37. Kb1 Bxb5 38. Rxb5 Bf4 39. Kb2 Bc1+ 40. Kb1 Bf4 41. b4 Rc4 42. Kb2 Rd4 43. Kc3 Rd2 44. d6 Rxd6 45. Rd5 Ra6 46. b5 Ra3+ 47. Kc4 Be3 48. Rd3 Rxd3 49. Kxd3 Bf2 50. Kc4 Kf6 51. Kd5 Kg5 52. Kxe5 Bg1 53. h4+ Kxh4 54. Ne2 Bc5 55. Kf6 Kh3 56. Kxf7 Kg2 57. e5 1-0

[Event "Munich Open 9192"]
[Site "Munich GER"]
[Date "1992.??.??"]
[Round "3"]
[White "Bischoff, Klaus"]
[Black "Brunner, Lucas"]
[Result "1/2-1/2"]
[WhiteElo "2495"]
[BlackElo "2500"]
[PlyCount "120"]
[EventDate "1992.01.??"]
[Source "www.chesslib.no"]
[SourceDate "2004.05.04"]

1. d4 Nf6 2. c4 g6 3. Nc3 Bg7 4. e4 d6 5. f3 O-O 6. Nge2 c6 7. Be3 e5 8. Qd2 exd4 9. Nxd4 Re8 10. O-O-O d5 11. Nb3 Qc7 12. Bf4 Qb6 13. cxd5 cxd5 14. e5 d4 15. Nxd4 Nh5 16. Bb5 Bd7 17. e6 fxe6 18. Be3 Qc7 19. Bxd7 Qxd7 20. Ndb5 Qe7 21. Qd6 Nc6 22. Nc7 Rad8 23. Qxe7 Rxe7 24. Rxd8+ Nxd8 25. N7b5 a6 26. Rd1 Nc6 27. Nd6 Nf6 28. Nce4 Nxe4 29. Nxe4 h6 30. Kb1 g5 31. h3 Be5 32. Bb6 Kg7 33. a3 Kg6 34. Kc2 Rf7 35. Bc5 h5 36. Re1 Rd7 37. b4 Rd5 38. Be3 Bf4 39. Nc5 Re5 40. Bf2 Rxe1 41. Bxe1 Nd8 42. Kd3 Bd6 43. Ne4 Be7 44. Bc3 Nc6 45. g4 b5 46. Ke3 hxg4 47. hxg4 Kf7 48. Kd3 Kg6 49. Nd2 Bd6 50. Ke4 Kf7 51. Nb3 Kg6 52. Nc1 Kf7 53. Nd3 Kg6 54. Nc1 Kf7 55. Nd3 Kg6 56. Bd2 Kf6 57. Bc3+ Kg6 58. Be5 Be7 59. Bc7 Bf6 60. Bd6 Kf7 1/2-1/2

[Event "Villarrobledo op"]
[Site "Villarrobledo"]
[Date "1998.08.23"]
[Round "6"]
[White "Lalic, Bogdan"]
[Black "Reyes, Juan"]
[Result "1/2-1/2"]
[WhiteElo "2560"]
[BlackElo "2435"]
[PlyCount "93"]
[EventDate "1998.08.??"]
[Source "www.chesslib.no"]
[SourceDate "2004.05.04"]

1. d4 Nf6 2. c4 d6 3. Nc3 Nbd7 4. e4 e5 5. Nge2 g6 6. f3 c6 7. Be3 Bg7 8. Qd2 O-O 9. O-O-O a6 10. dxe5 dxe5 11. Na4 b5 12. Nb6 Rb8 13. Nxc8 Qxc8 14. c5 Rd8 15. Qc2 Nf8 16. Rxd8 Qxd8 17. g3 Qa5 18. Kb1 Ne8 19. Bh3 Nc7 20. Rd1 b4 21. Rd6 Qb5 22. Qd3 Qb7 23. Bd7 Nxd7 24. Rxd7 Qc8 25. Qd6 Ne6 26. Ra7 Ra8 27. Rxa8 Qxa8 28. Nc1 a5 29. Kc2 Qa6 30. Qd3 Qc8 31. a3 bxa3 32. Qxa3 Qa6 33. Qd3 Qc8 34. Qc4 Nd4+ 35. Bxd4 exd4 36. Nb3 Qh3 37. Qe2 a4 38. Nc1 h5 39. Kb1 h4 40. gxh4 Qxh4 41. Nd3 Qh5 42. Ka2 Bf8 43. e5 Qf5 44. Ka3 Qe6 45. Qc2 Qd5 46. f4 Qe4 47. Kxa4 1/2-1/2

[Event "Calcutta"]
[Site "Calcutta"]
[Date "1998.??.??"]
[Round "9"]
[White "Sasikiran, Krishnan"]
[Black "Thipsay, Praveen Mahadeo"]
[Result "1-0"]
[WhiteElo "2470"]
[BlackElo "2515"]
[PlyCount "89"]
[EventDate "1998.??.??"]
[Source "www.chesslib.no"]
[SourceDate "2004.05.04"]

1. d4 Nf6 2. c4 g6 3. Nc3 Bg7 4. e4 d6 5. f3 O-O 6. Be3 e5 7. Nge2 c6 8. Qb3 Qa5 9. O-O-O Nbd7 10. Kb1 Rb8 11. dxe5 dxe5 12. Qa4 Qxa4 13. Nxa4 Re8 14. Nc1 Bf8 15. Nb3 b6 16. c5 b5 17. Nc3 Ra8 18. Kc2 a6 19. Be2 Nh5 20. Rd2 Nf4 21. Rhd1 Nxg2 22. Bg1 Ra7 23. Na5 Nf4 24. b4 Rc7 25. Bf1 Nb8 26. a4 Ne6 27. Kb2 Bd7 28. axb5 axb5 29. Bxb5 Nd4 30. Be2 Bh6 31. Rd3 Be6 32. Bxd4 exd4 33. Rxd4 Nd7 34. Kc2 Bf4 35. h4 Ra8 36. Bc4 Bh3 37. Nxc6 Rxc6 38. Bb5 Rxc5 39. Bxd7 Ra2+ 40. Kb3 Rxc3+ 41. Kxc3 Ra3+ 42. Kc4 Rxf3 43. Bxh3 Rxh3 44. b5 Rh2 45. Rf1 1-0

[Event "Corr"]
[Site "?"]
[Date "2002.12.15"]
[Round "?"]
[White "Monacell James P"]
[Black "Efendiyev Enver Mikhaylovich"]
[Result "1-0"]
[WhiteElo "2473"]
[BlackElo "2506"]
[PlyCount "58"]
[EventDate "2002.??.??"]
[Source "www.chesslib.no"]
[SourceDate "2004.05.04"]

1. d4 Nf6 2. c4 g6 3. Nc3 Bg7 4. e4 d6 5. f3 O-O 6. Be3 e5 7. Nge2 c6 8. Qd2 Nbd7 9. d5 cxd5 10. Nxd5 Nxd5 11. Qxd5 Nb6 12. Qb5 Be6 13. Nc3 Bh6 14. Bf2 Rc8 15. b3 Nd7 16. Rd1 a6 17. Qb4 Nc5 18. h4 f5 19. h5 g5 20. Qa3 Qe7 21. b4 Nd7 22. exf5 Bxf5 23. b5 Nc5 24. Nd5 Qd8 25. bxa6 bxa6 26. Be2 g4 27. fxg4 Be4 28. Ne3 Qg5 29. Rh3 Rf7 1-0

[Event "Chigorin Mem Open, St Petersburg RUS"]
[Site "?"]
[Date "2001.??.??"]
[Round "3"]
[White "Moiseenko, A."]
[Black "Kochyev, A."]
[Result "1-0"]
[WhiteElo "2565"]
[BlackElo "2410"]
[PlyCount "53"]
[EventDate "2001.??.??"]
[Source "www.chesslib.no"]
[SourceDate "2004.05.04"]

1. d4 Nf6 2. c4 g6 3. Nc3 Bg7 4. e4 d6 5. f3 O-O 6. Be3 e5 7. Nge2 c6 8. Qd2 Nbd7 9. O-O-O a6 10. Bh6 b5 11. h4 b4 12. Na4 Bxh6 13. Qxh6 Qa5 14. b3 exd4 15. Nxd4 Bb7 16. h5 Qe5 17. hxg6 fxg6 18. c5 d5 19. exd5 cxd5 20. Kb1 Rfc8 21. g4 Rc7 22. g5 Nh5 23. c6 Bxc6 24. Nxc6 Rxc6 25. Rxh5 Nf8 26. Bd3 Rac8 27. Rhh1 1-0

[Event "Linares NL"]
[Site "Linares"]
[Date "1992.??.??"]
[Round "?"]
[White "Vera, Reynaldo"]
[Black "Hernandez, Gilberto"]
[Result "0-1"]
[WhiteElo "2495"]
[BlackElo "2480"]
[PlyCount "78"]
[EventDate "1992.09.??"]
[Source "ChessBase"]

1. d4 Nf6 2. c4 g6 3. Nc3 Bg7 4. e4 d6 5. f3 O-O 6. Be3 e5 7. Nge2 c6 8. Qd2 Nbd7 9. O-O-O a6 10. Kb1 Qe7 11. d5 c5 12. g4 b5 13. Ng3 Nb6 14. Rc1 Ne8 15. Bh6 Bxh6 16. Qxh6 f6 17. cxb5 Nc7 18. h4 axb5 19. Nxb5 Nxb5 20. Bxb5 Ra5 21. Bc6 Qa7 22. a3 Ba6 23. Rc3 Nc4 24. Rh2 Rb8 25. a4 Nb6 26. Nh5 gxh5 27. Qxf6 Nxa4 28. Rb3 Rxb3 29. Qg5+ Qg7 30. Qd8+ Qf8 31. Qxa5 Bd3+ 32. Ka2 Bc4 33. Ka1 Rxf3 34. b3 Rf1+ 35. Ka2 Rf2+ 36. Ka3 Rxh2 37. Bd7 Nb2 38. Be6+ Kh8 39. Qc7 Rh3 0-1

[Event "Goodricke op"]
[Site "Calcutta"]
[Date "1997.??.??"]
[Round "2"]
[White "Graf, Alexander"]
[Black "Chiong, Luiz"]
[Result "1-0"]
[WhiteElo "2585"]
[BlackElo "2390"]
[PlyCount "67"]
[EventDate "1997.02.??"]
[Source "ChessBase"]

1. d4 Nf6 2. c4 g6 3. Nc3 Bg7 4. e4 d6 5. f3 O-O 6. Be3 e5 7. Nge2 c6 8. Qd2 Nbd7 9. O-O-O a6 10. Kb1 b5 11. c5 Qe7 12. dxe5 dxe5 13. Qd6 Qxd6 14. Rxd6 Ne8 15. Rd2 a5 16. Nc1 f5 17. Be2 Ndf6 18. Nd3 Nh5 19. Re1 Nc7 20. Bd1 b4 21. Na4 fxe4 22. fxe4 Be6 23. Bb3 Rae8 24. Nb6 Nf6 25. Bg1 Rd8 26. Rdd1 Bxb3 27. axb3 Ne6 28. Nc4 Ra8 29. Ndxe5 Ng5 30. Nxc6 Ngxe4 31. N6xa5 Ra6 32. c6 Rc8 33. Bb6 Bh6 34. c7 1-0

[Event "69th ch-BLR"]
[Site "Minsk"]
[Date "2003.03.01"]
[Round "2"]
[White "Kasparov, Sergey"]
[Black "Kovalev, Andrei"]
[Result "1-0"]
[WhiteElo "2435"]
[BlackElo "2539"]
[PlyCount "141"]
[EventDate "2003.02.28"]
[Source "Roberto Alvarez"]
[SourceDate "2003.04.07"]

1. d4 Nf6 2. c4 g6 3. Nc3 Bg7 4. e4 d6 5. f3 O-O 6. Be3 e5 7. Nge2 c6 8. Qd2 Nbd7 9. O-O-O a6 10. Kb1 b5 11. c5 Qe7 12. cxd6 Qxd6 13. dxe5 Qxd2 14. Rxd2 Nxe5 15. Nc1 Be6 16. Be2 a5 17. Nb3 a4 18. Nc5 Nc4 19. Bxc4 Bxc4 20. Rc1 a3 21. b3 b4 22. Ne2 Bxe2 23. Rxe2 Rfd8 24. Rd2 Ne8 25. Rcd1 Rdc8 26. Bf4 Bc3 27. Rd7 Bg7 28. Rb7 Bf8 29. Nd7 Rd8 30. Kc2 Be7 31. Nb6 Rxd1 32. Nxa8 Rd8 33. Rxe7 Rxa8 34. Rb7 Ng7 35. Rxb4 Ne6 36. Rb8+ Rxb8 37. Bxb8 Nd4+ 38. Kd3 Nb5 39. Kc4 f6 40. Bf4 Kf7 41. Bd2 Ke6 42. Kc5 Kd7 43. Bb4 Kc7 44. Kc4 Kd7 45. Bc5 Ke6 46. Bd4 f5 47. exf5+ gxf5 48. Bg7 h5 49. Kc5 Kd7 50. Be5 Ke6 51. Bg7 Kd7 52. h3 Nc7 53. Be5 Na6+ 54. Kc4 c5 55. Bf4 Nb4 56. Bc1 h4 57. Bxa3 Nc2 58. Bxc5 Ne1 59. Bf2 Nxg2 60. a4 Nf4 61. Bxh4 Nxh3 62. Kd4 Nf4 63. Bf2 Ne2+ 64. Kc4 Nf4 65. a5 Ng6 66. Bd4 Nh4 67. f4 Ng2 68. a6 Kc8 69. Be5 Ne3+ 70. Kc5 Nc2 71. Kb6 1-0

[Event "Belarus 87/475"]
[Site "?"]
[Date "2003.??.??"]
[Round "?"]
[White "Kasparov, S."]
[Black "Kovalev, A."]
[Result "0-1"]
[WhiteElo "2435"]
[BlackElo "2539"]
[PlyCount "100"]
[EventDate "2003.??.??"]
[Source "Chess Informant"]
[SourceDate "2003.02.01"]

1. d4 Nf6 2. c4 g6 3. Nc3 Bg7 4. e4 d6 5. f3 O-O 6. Be3 e5 7. Nge2 c6 8. Qd2 Nbd7 9. O-O-O a6 10. Kb1 b5 11. c5 Qa5 12. Nd5 Qxd2 13. Ne7+ Kh8 14. Rxd2 dxc5 15. dxe5 Nxe5 16. Nxc8 Raxc8 17. Bxc5 Nc4 18. Rc2 Rfd8 19. Nc3 Nd2+ 20. Ka1 Nd7 21. Be7 Re8 22. Rxd2 Rxe7 23. Be2 Nb6 24. Kb1 f5 25. exf5 gxf5 26. f4 Bxc3 27. bxc3 Nd5 28. Kb2 Nxf4 29. Bf3 Ng6 30. Rf1 Kg7 31. Be2 Rf8 32. Kb3 Ne5 33. Kb4 Rf6 34. Rfd1 Rh6 35. h3 Rg6 36. Bf1 Rg3 37. Rc2 Nd7 38. Re2 Kf7 39. Rxe7+ Kxe7 40. Rd3 f4 41. Rd2 a5+ 42. Kxa5 Rxc3 43. Bd3 h5 44. Bf5 Nf6 45. Re2+ Re3 46. Rd2 Nd5 47. Ka6 Kd6 48. Bg6 Kc7 49. a4 Ra3 50. Bc2 Nb4+ 0-1

[Event "Pula op"]
[Site "Pula"]
[Date "2000.05.22"]
[Round "7"]
[White "Filipenko, Alexander V"]
[Black "Kozul, Zdenko"]
[Result "0-1"]
[WhiteElo "2370"]
[BlackElo "2597"]
[PlyCount "78"]
[EventDate "2000.05.16"]
[Source "ChessBase"]
[SourceDate "2000.07.11"]

1. d4 Nf6 2. c4 g6 3. Nc3 Bg7 4. e4 d6 5. f3 O-O 6. Nge2 c6 7. Be3 e5 8. Qd2 Qc7 9. O-O-O b5 10. cxb5 cxb5 11. Kb1 Qb7 12. dxe5 dxe5 13. Nc1 a6 14. Nb3 Nc6 15. Qf2 Be6 16. Nc5 Qc8 17. Rc1 Rd8 18. Bd3 Nd4 19. Ne2 Nc6 20. Ka1 Nb4 21. Bb1 Bc4 22. a3 Nc6 23. Ba2 Na5 24. b3 Be6 25. Nxe6 Qxe6 26. Bb6 Nxb3+ 27. Bxb3 Qxb3 28. Bxd8 Qxa3+ 29. Kb1 Qb3+ 30. Ka1 Qa3+ 31. Kb1 Qb3+ 32. Ka1 Rxd8 33. Nc3 Bh6 34. f4 Bxf4 35. Rc2 Rd3 36. Nd1 Nxe4 37. Qe2 Nd2 38. Nf2 Qa4+ 39. Ra2 Qd4+ 0-1

[Event "Budapest (zt_play off)"]
[Site "?"]
[Date "1995.??.??"]
[Round "?"]
[White "Varga, Zo"]
[Black "Istratescu, A."]
[Result "0-1"]
[WhiteElo "2460"]
[BlackElo "2505"]
[PlyCount "88"]
[EventDate "1995.??.??"]
[Source "ChessBase"]
[SourceDate "1995.02.01"]

1. d4 Nf6 2. c4 g6 3. Nc3 Bg7 4. e4 d6 5. f3 O-O 6. Be3 Nbd7 7. Qd2 e5 8. Nge2 c6 9. O-O-O a6 10. d5 c5 11. g4 b5 12. Ng3 Qa5 13. Kb1 Nb6 14. Rc1 Bd7 15. h4 Rfb8 16. h5 bxc4 17. hxg6 fxg6 18. g5 Nh5 19. Nxh5 gxh5 20. Rxh5 Be8 21. Rh4 Ra7 22. Bh3 Rab7 23. Be6+ Kf8 24. Rxh7 Na4 25. Nxa4 Qxa4 26. Rh2 Rxb2+ 27. Qxb2 Rxb2+ 28. Rxb2 Qa3 29. Bd2 Qxf3 30. Bc3 Bg6 31. Rb8+ Ke7 32. Rb7+ Kf8 33. Ka1 Bxe4 34. g6 Bxg6 35. Rb8+ Ke7 36. Bb2 Bh6 37. Rb7+ Kf6 38. Rg1 c3 39. Bc1 Bxc1 40. Rxc1 c2 41. Rb3 Qf4 42. Kb2 c4 43. Rg3 Qd4+ 44. Rc3 Qb6+ 0-1

[Event "zt-p"]
[Site "Budapest zt-p"]
[Date "1995.??.??"]
[Round "3"]
[White "Varga, Zoltan"]
[Black "Istratescu, Andrei"]
[Result "0-1"]
[WhiteElo "2460"]
[BlackElo "2505"]
[PlyCount "86"]
[EventDate "1995.??.??"]
[Source "www.chesslib.no"]
[SourceDate "2004.05.04"]

1. d4 Nf6 2. c4 g6 3. Nc3 Bg7 4. e4 d6 5. f3 O-O 6. Be3 Nbd7 7. Qd2 e5 8. Nge2 c6 9. O-O-O a6 10. d5 c5 11. g4 b5 12. Ng3 Qa5 13. Kb1 Nb6 14. Rc1 Bd7 15. h4 Rfb8 16. h5 bxc4 17. hxg6 fxg6 18. g5 Nh5 19. Nxh5 gxh5 20. Rxh5 Be8 21. Rh4 Ra7 22. Bh3 Rab7 23. Be6+ Kf8 24. Rxh7 Na4 25. Nxa4 Qxa4 26. Rh2 Rxb2+ 27. Qxb2 Rxb2+ 28. Rxb2 Qa3 29. Bd2 Qxf3 30. Bc3 Bg6 31. Rb8+ Ke7 32. Rb7+ Kf8 33. Ka1 Bxe4 34. g6 Bxg6 35. Rb8+ Ke7 36. Bb2 Bh6 37. Rg1 c3 38. Bc1 Bxc1 39. Rxc1 c2 40. Rb3 Qf4 41. Kb2 c4 42. Rh3 Qd4+ 43. Rc3 Qb6+ 0-1

[Event "41th ch-IND"]
[Site "Calcuta "]
[Date "2003.12.20"]
[Round "23"]
[White "Sriram, Jha"]
[Black "Sandipan, Chanda"]
[Result "0-1"]
[WhiteElo "2458"]
[BlackElo "2504"]
[PlyCount "96"]
[EventDate "2003.12.04"]
[Source "Roberto Alvarez"]
[SourceDate "2003.12.22"]

1. d4 Nf6 2. c4 g6 3. Nc3 Bg7 4. e4 d6 5. f3 O-O 6. Nge2 Nbd7 7. Be3 c6 8. Qd2 e5 9. O-O-O a6 10. Kb1 b5 11. Nc1 Rb8 12. dxe5 dxe5 13. Nb3 Qe7 14. Qd6 Qxd6 15. Rxd6 Ne8 16. Rd2 f5 17. Na5 Rf6 18. c5 Ra8 19. Be2 Ra7 20. Rhd1 f4 21. Bf2 g5 22. b4 Bf8 23. h4 Rg6 24. g4 fxg3 25. Bxg3 Be7 26. hxg5 Bxg5 27. Rd3 Bd8 28. Bf2 Bxa5 29. bxa5 Ng7 30. Rd6 Rc7 31. Rxg6 hxg6 32. Rd6 Kh7 33. a4 Nh5 34. axb5 axb5 35. Na2 Nf4 36. Bf1 Nf8 37. Nb4 Bd7 38. a6 N8e6 39. Bxb5 cxb5 40. Rb6 Nd8 41. Nd5 Ra7 42. Rd6 Nxd5 43. exd5 Nf7 44. c6 Bf5+ 45. Kb2 Rxa6 46. Rf6 Kg7 47. Bh4 Bc8 48. Kb3 g5 0-1

[Event "Moscow RUS"]
[Site "?"]
[Date "2005.02.15"]
[Round "1"]
[White "Andreikin Dmitry"]
[Black "Guliev Sarhan"]
[Result "1-0"]
[WhiteElo "2472"]
[BlackElo "2481"]
[PlyCount "81"]
[EventDate "2005.??.??"]
[Source "www.chesslib.no"]
[SourceDate "2004.05.04"]

1. d4 Nf6 2. c4 g6 3. Nc3 Bg7 4. e4 d6 5. f3 O-O 6. Be3 Nbd7 7. Qd2 e5 8. Nge2 c6 9. d5 cxd5 10. Nxd5 Nxd5 11. Qxd5 Nb6 12. Qd3 Be6 13. b3 Bh6 14. Bxh6 Qh4+ 15. g3 Qxh6 16. Bg2 Rad8 17. O-O Nd7 18. Rad1 Nc5 19. Qd2 Qh5 20. Nc3 f5 21. exf5 gxf5 22. f4 e4 23. Qe3 Rfe8 24. Nb5 b6 25. Nxd6 Rf8 26. b4 Na4 27. Rd2 Rd7 28. c5 Rfd8 29. Rc1 b5 30. Bf1 a6 31. Be2 Qg6 32. Bd1 h5 33. Bb3 Kh7 34. Bxe6 Qxe6 35. Qb3 Qf6 36. Rd5 Nb2 37. Rxf5 Qd4+ 38. Kh1 Nc4 39. Rxh5+ Kg6 40. Rg5+ Kh6 41. Nf5+ 1-0

[Event "Bucharest"]
[Site "Bucharest"]
[Date "1993.??.??"]
[Round "?"]
[White "Rogozenko, Dorian"]
[Black "Istratescu, Andrei"]
[Result "1-0"]
[WhiteElo "2480"]
[BlackElo "2470"]
[PlyCount "115"]
[EventDate "1993.02.??"]
[Source "ChessBase"]

1. d4 Nf6 2. c4 g6 3. Nc3 Bg7 4. e4 d6 5. f3 O-O 6. Be3 Nbd7 7. Qd2 e5 8. Nge2 c6 9. O-O-O a6 10. Kb1 b5 11. Nc1 Qa5 12. Nb3 Qc7 13. dxe5 Nxe5 14. Qxd6 Qxd6 15. Rxd6 bxc4 16. Na5 Be6 17. Nxc6 Ne8 18. Ne7+ Kh8 19. Rd2 Nc7 20. f4 Rfe8 21. fxe5 Rxe7 22. Bg5 Ree8 23. Bf6 Kg8 24. Kc2 Rab8 25. Be2 Nb5 26. g4 Nxc3 27. Kxc3 Bf8 28. Rd6 Bxd6 29. exd6 Rec8 30. Rd1 Rb7 31. e5 Kf8 32. Bf3 Ra7 33. g5 a5 34. Rd4 a4 35. a3 Ke8 36. Rh4 Kd7 37. Rxh7 Ra5 38. h4 Rb5 39. Bd1 Rb3+ 40. Bxb3 cxb3+ 41. Kb4 Rc2 42. h5 Kc6 43. hxg6 Kb6 44. Rh4 fxg6 45. Rd4 Kc6 46. Kxa4 Kd7 47. Rb4 Kc8 48. Rxb3 Bxb3+ 49. Kxb3 Re2 50. Kc4 Kd7 51. b4 Ra2 52. Kb3 Rd2 53. b5 Rd1 54. Kb4 Ke6 55. a4 Kf7 56. Ka5 Kg8 57. b6 Kh7 58. Be7 1-0

[Event "Luzern"]
[Site "?"]
[Date "1993.??.??"]
[Round "?"]
[White "Arencibia, W."]
[Black "Nadyrhanov, S."]
[Result "1/2-1/2"]
[WhiteElo "2485"]
[BlackElo "2460"]
[PlyCount "60"]
[EventDate "1993.??.??"]
[Source "ChessBase"]
[SourceDate "1993.10.01"]

1. d4 Nf6 2. c4 g6 3. f3 Bg7 4. e4 O-O 5. Nc3 d6 6. Be3 e5 7. Nge2 c6 8. Qd2 Nbd7 9. O-O-O a6 10. Bh6 Bxh6 11. Qxh6 b5 12. h4 Qa5 13. a3 Rb8 14. h5 b4 15. Nb1 bxa3 16. Nxa3 Rb3 17. hxg6 fxg6 18. Qd2 Qxd2+ 19. Rxd2 Kf7 20. c5 dxc5 21. dxe5 Nxe5 22. Nc3 Rb4 23. Nc2 Rb8 24. f4 Neg4 25. Bc4+ Be6 26. Bxe6+ Kxe6 27. Rhd1 Ke7 28. e5 Nd5 29. Nxd5+ cxd5 30. Rxd5 Rxf4 1/2-1/2

[Event "Open"]
[Site "Hania open"]
[Date "1993.??.??"]
[Round "8"]
[White "Van Gisbergen, Stan"]
[Black "Van Wely, Loek"]
[Result "0-1"]
[WhiteElo "2385"]
[BlackElo "2560"]
[PlyCount "42"]
[EventDate "1993.??.??"]
[Source "www.chesslib.no"]
[SourceDate "2004.05.04"]

1. d4 d6 2. c4 g6 3. Nc3 Bg7 4. e4 Nf6 5. f3 O-O 6. Be3 e5 7. Nge2 c6 8. Qd2 Nbd7 9. d5 cxd5 10. Nxd5 Nxd5 11. cxd5 f5 12. Nc3 Nf6 13. Bd3 Kh8 14. O-O f4 15. Bf2 g5 16. Rac1 g4 17. Kh1 g3 18. Bg1 gxh2 19. Bf2 Nh5 20. Ne2 Bf6 21. Kxh2 Bh4 0-1

[Event "Terrassa Open"]
[Site "Terrassa ESP"]
[Date "1995.??.??"]
[Round "5"]
[White "Campos Moreno, Javier B"]
[Black "Comas Fabrego, Luis"]
[Result "1/2-1/2"]
[WhiteElo "2455"]
[BlackElo "2490"]
[PlyCount "44"]
[EventDate "1995.07.??"]
[Source "www.chesslib.no"]
[SourceDate "2004.05.04"]

1. d4 Nf6 2. c4 g6 3. Nc3 Bg7 4. e4 d6 5. f3 O-O 6. Be3 e5 7. Nge2 c6 8. Qd2 Na6 9. O-O-O Be6 10. d5 cxd5 11. cxd5 Bd7 12. Kb1 Nc5 13. Nc1 Rc8 14. Nd3 a6 15. g4 b5 16. Be2 Ne8 17. h4 f5 18. g5 Rf7 19. h5 f4 20. Bf2 Nxd3 21. Bxd3 Bf8 22. Ne2 Be7 1/2-1/2

[Event "Barcelona Open"]
[Site "Barcelona ESP"]
[Date "1996.??.??"]
[Round "?"]
[White "Campos Moreno, Javier B"]
[Black "Comas Fabrego, Luis"]
[Result "1/2-1/2"]
[WhiteElo "2475"]
[BlackElo "2470"]
[PlyCount "72"]
[EventDate "1996.??.??"]
[Source "www.chesslib.no"]
[SourceDate "2004.05.04"]

1. d4 Nf6 2. c4 g6 3. Nc3 Bg7 4. e4 d6 5. f3 O-O 6. Be3 e5 7. Nge2 c6 8. Qd2 Na6 9. O-O-O Be6 10. d5 cxd5 11. cxd5 Bd7 12. Kb1 Ne8 13. g4 f5 14. gxf5 gxf5 15. Nc1 Kh8 16. Nb3 Bc8 17. Rg1 f4 18. Bf2 Bf6 19. Rc1 Rf7 20. Nb5 b6 21. Bc4 Bh4 22. Bxh4 Qxh4 23. Qe2 Nc5 24. Nxc5 bxc5 25. Rc3 Rb8 26. Ra3 Rbb7 27. Qd2 Rbe7 28. Rc1 Rg7 29. Qa5 a6 30. Nc3 Ref7 31. Rb3 Rf8 32. Rb8 Bd7 33. Bxa6 Qf2 34. Bb5 Qxf3 35. Bxd7 Rxd7 36. Qb5 Qh3 1/2-1/2

[Event "Pardubice Open"]
[Site "Pardubice CZE"]
[Date "1993.??.??"]
[Round "9"]
[White "Khenkin, Igor"]
[Black "Obodchuk, Andrei"]
[Result "1-0"]
[WhiteElo "2575"]
[BlackElo "2365"]
[PlyCount "53"]
[EventDate "1993.07.??"]
[Source "www.chesslib.no"]
[SourceDate "2004.05.04"]

1. d4 Nf6 2. c4 g6 3. Nc3 Bg7 4. e4 d6 5. f3 O-O 6. Be3 e5 7. Nge2 c6 8. Qb3 Nbd7 9. O-O-O Qa5 10. Kb1 Re8 11. d5 cxd5 12. Nxd5 Nc5 13. Qc3 Qd8 14. Nxf6+ Qxf6 15. Qd2 Ne6 16. Nc3 Bf8 17. Nd5 Qd8 18. c5 dxc5 19. Bb5 Kh8 20. Bxe8 Qxe8 21. h4 Qc6 22. h5 Nd4 23. Bh6 Be6 24. Bxf8 Rxf8 25. Qh6 Rg8 26. hxg6 Rg7 27. Qxh7+ 1-0

[Event "Bratislava"]
[Site "Bratislava"]
[Date "1983.??.??"]
[Round "5"]
[White "Vera, Reynaldo"]
[Black "Knaak, Rainer"]
[Result "1-0"]
[WhiteElo "2450"]
[BlackElo "2490"]
[PlyCount "111"]
[EventDate "1983.09.??"]
[Source "ChessBase"]

1. d4 Nf6 2. c4 d6 3. Nc3 Nbd7 4. e4 e5 5. Nge2 g6 6. f3 Bg7 7. Be3 O-O 8. Qd2 c6 9. O-O-O a6 10. h4 h5 11. Bh6 b5 12. c5 Bxh6 13. Qxh6 b4 14. Nb1 Qe7 15. cxd6 Qxd6 16. Nd2 Nb6 17. g4 exd4 18. Nf4 Bxg4 19. Rg1 Rfd8 20. fxg4 Qc5+ 21. Kb1 Nxg4 22. Qg5 Qxg5 23. hxg5 a5 24. Rc1 Rd6 25. Be2 Ne5 26. Nd3 Nxd3 27. Bxd3 Nd7 28. Rgf1 Kg7 29. Bc4 Ne5 30. Nf3 Ng4 31. e5 Rdd8 32. e6 fxe6 33. Bxe6 Rd6 34. Bxg4 hxg4 35. Ne5 g3 36. Rxc6 Rxc6 37. Nxc6 d3 38. Ne5 Rd8 39. Rg1 Rd5 40. Nf3 a4 41. Rg2 Kf7 42. Kc1 Rc5+ 43. Kd1 Ke7 44. Ne1 Rxg5 45. Nxd3 Ke6 46. Ke2 Kd5 47. Nxb4+ Kd4 48. Kf3 Rb5 49. Nc2+ Kd3 50. Ne1+ Kc4 51. Rc2+ Kd4 52. Rd2+ Kc4 53. Kxg3 Rf5 54. Rc2+ Kb5 55. Nf3 Rd5 56. Kf4 1-0

[Event "Switzerland"]
[Site "Switzerland"]
[Date "1992.??.??"]
[Round "?"]
[White "Zueger, Beat"]
[Black "Brunner, Lucas"]
[Result "0-1"]
[WhiteElo "2440"]
[BlackElo "2500"]
[PlyCount "136"]
[EventDate "1992.??.??"]
[Source "www.chesslib.no"]
[SourceDate "2004.05.04"]

1. d4 Nf6 2. c4 g6 3. Nc3 Bg7 4. e4 d6 5. f3 O-O 6. Be3 e5 7. Nge2 c6 8. Qd2 Nbd7 9. Rd1 Qc7 10. d5 cxd5 11. cxd5 a6 12. Rc1 Qb8 13. g4 h5 14. gxh5 Nxh5 15. Ng3 Nf4 16. Nce2 b5 17. Nxf4 exf4 18. Bxf4 Ne5 19. Be2 Bh3 20. Bh6 Qa7 21. Bxg7 Kxg7 22. f4 Nd7 23. Qc3+ Nf6 24. Kd2 Rfc8 25. Qe3 Qxe3+ 26. Kxe3 Bg2 27. Rhg1 Rxc1 28. Rxc1 Re8 29. Rc6 Nxd5+ 30. Kf2 Nxf4 31. Rxa6 Nxe2 32. Kxg2 Nxg3 33. Kxg3 Rxe4 34. Rxd6 f5 35. Rb6 b4 36. Kf3 Rh4 37. Kg3 Rd4 38. h4 Kh6 39. Rb8 Rd3+ 40. Kf4 Rh3 41. h5 Rh4+ 42. Kf3 gxh5 43. Rh8+ Kg7 44. Ra8 Rg4 45. a4 h4 46. Ra7+ Kf6 47. a5 Ke5 48. Re7+ Kd4 49. Rb7 Kc4 50. a6 Rg6 51. a7 Ra6 52. Kg2 f4 53. Kf3 h3 54. Kxf4 h2 55. Rh7 Rxa7 56. Rxh2 Kb3 57. Ke3 Rc7 58. Kd3 Rd7+ 59. Ke3 Rd1 60. Rg2 Ka2 61. Rh2 b3 62. Rg2 Rb1 63. Kd3 Rxb2 64. Rg8 Rc2 65. Ra8+ Kb1 66. Rb8 b2 67. Rh8 Rc7 68. Rh6 Ra7 0-1

[Event "Peer Gynt"]
[Site "Gausdal NOR"]
[Date "1994.??.??"]
[Round "8"]
[White "Ernst, Thomas"]
[Black "Djurhuus, Rune"]
[Result "0-1"]
[WhiteElo "2480"]
[BlackElo "2460"]
[PlyCount "96"]
[EventDate "1994.07.??"]
[Source "www.chesslib.no"]
[SourceDate "2004.05.04"]

1. e4 g6 2. d4 Bg7 3. c4 d6 4. Nc3 Nf6 5. f3 O-O 6. Be3 e5 7. Nge2 c6 8. Qd2 Nbd7 9. O-O-O a6 10. Bh6 b5 11. Bxg7 Kxg7 12. Kb1 bxc4 13. dxe5 Nxe5 14. Qxd6 Qa5 15. Nf4 Re8 16. h4 h6 17. Be2 Ra7 18. Qd4 Rd7 19. Qe3 Rb7 20. Rd2 Bd7 21. Ka1 Reb8 22. Qd4 Be8 23. Nfd5 Nfd7 24. f4 cxd5 25. Nxd5 c3 26. Qxc3 Qxc3 27. Nxc3 Nc6 28. Bxa6 Ra7 29. Bc4 Na5 30. Bd5 Nb6 31. Rc2 Nxd5 32. exd5 Bd7 33. a3 Bf5 34. Rf2 Nc4 35. Rc1 h5 36. Re2 Bd3 37. Rf2 Kf8 38. Rd1 Bf5 39. Rc1 Kg8 40. Re2 Kg7 41. Rf2 Kf6 42. Re2 Kg7 43. Rf2 Nxa3 44. bxa3 Rxa3+ 45. Na2 Rab3 46. Nc3 Rc8 47. Rf3 Bg4 48. Ka2 Rb7 0-1